Journal of the Society of Christian Ethics.

Bibliographic Details
Previous Title:Society of Christian Ethics (U.S.). Annual of the Society of Christian Ethics (Online)
Uniform Title:Journal of the Society of Christian Ethics (Online)
Corporate Author: Society of Christian Ethics (U.S.)
Format: Journal
Language:English
Published: Collegeville, MN : Society of Christian Ethics, [2002-]
Subjects:
Online Availability: Check for online availability

MARC

Tag First Indicator Second Indicator Subfields
LEADER 00000cas a2200000 a 4500
001 in00002785783
005 20150922145333.0
006 m o d
007 cr cnu||||||||
008 041012c20029999mnufr pso 0 0eng d
010 |a  2004221984 
019 |a 768133074 
022 |y 1540-7942 
029 1 |a OCLCS  |b 126232 
029 1 |a OCLCS  |b OP-2327 
029 1 |a AU@  |b 000026472409 
029 1 |a NZ1  |b 12469110 
029 1 |a NZ1  |b 13115110 
029 1 |a NZ1  |b 14558175 
035 |a (OCoLC)ocm56717329 
035 |a (OCoLC)56717329  |z (OCoLC)768133074 
040 |a EYM  |c EYM  |d ATL  |d OCL  |d OCLCE  |d OCLCQ  |d UtOrBLW 
042 |a lcd 
049 |a TXAM 
050 4 |a BJ1188.5  |b .S65 Electronic 
130 0 |a Journal of the Society of Christian Ethics (Online) 
245 1 0 |a Journal of the Society of Christian Ethics. 
246 1 3 |a JSCE 
264 1 |a Collegeville, MN :  |b Society of Christian Ethics,  |c [2002-] 
264 4 |c ©2002- 
310 |a Twice yearly (Mar. and Nov.) 
336 |a text  |b txt  |2 rdacontent 
337 |a computer  |b c  |2 rdamedia 
338 |a online resource  |b cr  |2 rdacarrier 
362 0 |a Vol. 22 (fall 2002)- 
500 |a Title from title page (ATLASerials, viewed Dec. 9, 2004). 
500 |a Latest issue consulted: Volume 23, number 1 (spring/summer 2003) (ATLASerials, viewed Dec. 9, 2004). 
515 |a Vol. 22 had only one issue. 
538 |a Mode of access: World Wide Web. 
500 |a Electronic serial. 
650 0 |a Christian ethics  |v Periodicals. 
650 0 |a Ethics  |v Periodicals. 
650 6 |a Morale chrétienne  |v Périodiques. 
650 6 |a Morale  |v Périodiques. 
710 2 |a Society of Christian Ethics (U.S.) 
776 0 8 |i Print version:  |t Journal of the Society of Christian Ethics  |x 1540-7942  |w (DLC) 2002212916  |w (OCoLC)50146407 
780 0 0 |a Society of Christian Ethics (U.S.).  |t Annual of the Society of Christian Ethics (Online)  |w (DLC) 2004221983  |w (OCoLC)57252837 
948 |a cataloged  |b h  |c 2013/2/4  |d c  |e spoltoratski  |f 4:31:36 pm  |g sc 
994 |a C0  |b TXA 
999 |a MARS 
999 f f |s 1de78d6b-d358-35c7-803f-6f8a3264b9a8  |i ace0b382-9b1a-394d-bdf0-d575046e0c1c  |t 0 
952 f f |a Texas A&M University  |b College Station  |c Electronic Resources  |d Available Online  |t 0  |e BJ1188.5 .S65  |g Electronic  |h Library of Congress classification 
998 f f |a BJ1188.5 .S65  |t 0  |l Available Online